Vainqueur du ballon d'or-Quiz - Statistiques

Statistiques générales
  • Ce quiz a été pris 149 fois
  • Le résultat moyen est 29 sur 41
Statistiques - réponses
Année Club Vainqueur % Correct
2017 Real Madrid Cristiano Ronaldo
99%
2016 Real Madrid Cristiano Ronaldo
99%
2014 Real Madrid Cristiano Ronaldo
99%
2013 Real Madrid Cristiano Ronaldo
99%
2008 FC Barcelone Cristiano Ronaldo
99%
2022 Real Madrid Karim Benzema
98%
2021 Paris SG Lionel Messi
98%
2019 FC Barcelone Lionel Messi
98%
2015 FC Barcelone Lionel Messi
98%
2012 FC Barcelone Lionel Messi
98%
2011 FC Barcelone Lionel Messi
98%
2010 FC Barcelone Lionel Messi
98%
2009 FC Barcelone Lionel Messi
98%
2002 Real Madrid Ronaldo
98%
1997 Inter Milan Ronaldo
98%
2018 Real Madrid Luka Modric
97%
1998 Juventus Zinedine Zidane
94%
2007 Milan AC Kaká
92%
2005 Fc Barcelone Ronaldinho
91%
2006 Real Madrid Fabio Cannavaro
79%
1985 Juventus Michel Platini
76%
1984 Juventus Michel Platini
76%
1983 Juventus Michel Platini
76%
1991 Olympique de Marseille Jean Pierre Papin
73%
2004 Milan AC Andriy Chevtchenko
62%
2000 Real Madrid Luis Figo
62%
2003 Juventus Pavel Nedved
62%
2001 Liverpool FC Michael Owen
59%
1999 Fc Barcelone Rivaldo
52%
1992 Milan AC Marco Van Basten
51%
1989 Milan AC Marco Van Basten
51%
1988 Milan AC Marco Van Basten
51%
1987 Milan AC Ruud Gullit
49%
1995 Milan AC George Weah
37%
1990 Inter Milan Lothar Matthäus
31%
1994 FC Barcelone Hristo Stoichkov
30%
1993 Juventus Roberto Baggio
30%
1996 Borussia Dortmund Matthias Sammer
27%
1981 Bayern Munich Rummenigge
19%
1982 Juventus Paolo Rossi
18%
1986 Dinamo Kiev Igor Belanov
13%
Aucun quiz correspondant
Distribution des résultats
% des personnes avec chaque résultat
Percentile par nombre de réponses
Votre historique - résultats
Vous n’avez pas pris ce quiz